|
|
|
|
| LEADER |
00000nam a2200000 a 4500 |
| 001 |
vtls008424903 |
| 003 |
SK-MaSNL |
| 005 |
20260301021342.0 |
| 008 |
160610s2005 xo dl d p 000 0 slo |
| 015 |
|
|
|a SNBA2006/03-01716
|
| 020 |
|
|
|a 8080750718 (brož.)
|
| 035 |
|
|
|a 533425E5-C864-4AC4-9CAB-DF183A73BC40
|
| 035 |
|
|
|a urn:nbn:sk:snk-amlfh5
|
| 035 |
|
|
|a urn:nbn:sk:snk-am008xhx
|
| 040 |
|
|
|a SNK
|b slo
|c SNK
|e AACR2
|
| 041 |
0 |
|
|a slo
|b eng
|b ger
|
| 044 |
|
|
|a xo
|c SK
|
| 072 |
|
7 |
|a 532
|x Mechanika tekutín všeobecne. Mechanika kvapalín
|2 konspekt
|
| 072 |
|
7 |
|a 621
|x Strojárstvo
|2 konspekt
|
| 080 |
|
|
|a 621.22
|2 2001
|
| 080 |
|
|
|a 532
|2 2001
|
| 080 |
|
|
|a (048.8)
|2 2001
|
| 245 |
0 |
0 |
|a Dvojfázové hydraulické mechanizmy so striedavým prietokom kvapaliny
|c Jozef Turza ...[et al.]
|
| 250 |
|
|
|a 1. vyd.
|
| 260 |
|
|
|a V Trenčíne
|b Trenčianska univerzita Alexandra Dubčeka
|c 2005
|
| 300 |
|
|
|a 243 s.
|b grafy, sch., tab.
|c 25 cm
|
| 504 |
|
|
|a Bibliogr. s. 208-218. Zozn. skrat.
|
| 506 |
|
|
|a 150 výtl.
|
| 546 |
|
|
|a Res. angl., nem.
|
| 650 |
0 |
7 |
|a hydraulické mechanizmy
|2 SNKPH
|9 68067
|
| 650 |
0 |
7 |
|a hydromechanika
|2 SNKPH
|9 67353
|
| 655 |
|
7 |
|a monografie
|2 SNKPH
|9 70139
|
| 700 |
1 |
|
|a Turza, Jozef
|4 aut
|9 5838
|
| 700 |
1 |
|
|a Petranský, Ivan,
|d 1941-2005
|4 aut
|9 117213
|
| 700 |
1 |
|
|a Jurčo, Ivan
|4 aut
|9 310164
|
| 700 |
1 |
|
|a Tkáč, Zdenko,
|d 1974-
|4 aut
|9 192955
|
| 752 |
|
|
|a Slovensko
|d Trenčín
|
| 919 |
|
|
|a 80-8075-071-8
|
| 958 |
|
|
|a OND
|
| 999 |
|
|
|c 565151
|d 567081
|
| 952 |
|
|
|a SNK
|b SNK
|y PREZ
|7 0
|p 17A0494760
|o snkSC 122297
|i snk2006/1118
|8 0
|0 0
|1 0
|4 0
|d 2006-01-18
|f 1
|l 0
|r 2025-06-03 00:00:00
|w 2026-02-23
|